NR shock whats in store ? (Record no. 64190)

MARC details
000 -LEADER
fixed length control field 00353nam a2200145Ia 4500
100 ## - MAIN ENTRY--AUTHOR NAME
Personal name Saj Mathews A
245 #0 - TITLE STATEMENT
Title NR shock whats in store ?
260 ## - PUBLICATION, DISTRIBUTION, ETC. (IMPRINT)
Name of publisher Rubber Asia
Year of publication 2014
300 ## - PHYSICAL DESCRIPTION
Number of Pages 34-43
500 ## - GENERAL NOTE
General note Source Year: 2014
650 ## - SUBJECT ADDED ENTRY--TOPICAL TERM
Topical Term NR plantation industry
650 ## - SUBJECT ADDED ENTRY--TOPICAL TERM
Topical Term NR shock
942 ## - ADDED ENTRY ELEMENTS (KOHA)
Koha item type Journals
Holdings
Withdrawn status Lost status Damaged status Not for loan Home library Current library Shelving location Date acquired Serial Enumeration / chronology Koha item type
      Journals RRII Library RRII Library Economics 11/03/2015 Volume 29, Issue 6 Journals